Inoculación de soja con Bradyrhuzobium japonicum y efecto de hidroxiácidos sobre la respiración de un suelo /

Guardado en:
Autor Principal: Giaccotto Gil, María Belén.
Autor Corporativo: Universidad Nacional del Sur. Departamento de Agronomía.
Otros Autores: Sagardoy, Marcelo A., (tutor.)
Formato: Libro
Idioma:Spanish
Publicado: Bahía Blanca, 2006.
Etiquetas: Agregar Etiqueta
Sin Etiquetas, Sea el primero en etiquetar este registro!
LEADER 00763nam a22001695a 4500
001 EEA.libagro007628
005 20180424123410.0
008 130809s2006####ag#a##########000#0#spa#d
082 0 4 |a 633.34 
100 1 |a Giaccotto Gil, María Belén. 
245 1 0 |a Inoculación de soja con Bradyrhuzobium japonicum y efecto de hidroxiácidos sobre la respiración de un suelo /  |c María Belén Giaccotto Gil. 
260 |a Bahía Blanca,  |c 2006. 
300 |a 56 h. :  |b il. ;  |c 30 cm. 
500 |a Trabajo de intensificación (Ingeniero Agrónomo) -- Universidad Nacional del Sur. Departamento de Agronomía, 2006. 
700 1 |a Sagardoy, Marcelo A.,  |e tutor. 
710 2 |a Universidad Nacional del Sur.  |b Departamento de Agronomía. 
859 |a AR-BbBCA  |b BIB. AGRONOMIA  |h 633.34  |i G429  |p 2006/5017